| 000 | 00671cam a2200217Ia 4500 | ||
|---|---|---|---|
| 020 | _a9789251061398 (pbk.) | ||
| 020 | _a9251061394 (pbk.) | ||
| 040 | _cBTCTA | ||
| 082 | _a635 FOO 2009 A036 Or. | ||
| 100 | 1 | _aNichols, Mike | |
| 245 | 1 | 0 | _aGrowing vegetables for home and market / |
| 260 |
_aRome : _bFood and Agriculture Organization of the United Nations, _c2009 |
||
| 300 |
_avii, 91 p. : _bill. ; _c21 cm |
||
| 490 | 1 | _aDiversification booklet number 11 | |
| 650 | 0 | _aVegetable gardening | |
| 650 | 0 | _aVegetable trade | |
| 650 | 0 | _aVegetables | |
| 700 | 1 | _aHilmi, Martin | |
| 710 | 2 | _aFood and Agriculture Organization of the United Nations. | |
| 942 | _cEK | ||
| 999 |
_c11343 _d11343 |
||